LEADER 00886nam0-22003251i-450- 001 990003800170403321 005 20001010 010 $a88-204-7676-2 035 $a000380017 035 $aFED01000380017 035 $a(Aleph)000380017FED01 035 $a000380017 100 $a20001010d--------km-y0itay50------ba 101 0 $aita 105 $ay-------001yy 200 1 $aIstruire non basta$eper un recupero della funzione educativa$fGino Martinoli 210 $aMilano$cFranco Angeli$dc1992 215 $a142 p.$d22 cm 225 1 $aCensis. Materiali di ricerca$v56 610 0 $aISTRUZIONE$aTeoria 676 $a371.001 700 1$aMartinoli,$bGino$033209 801 0$aIT$bUNINA$gRICA$2UNIMARC 901 $aBK 912 $a990003800170403321 952 $a371.001 MAR 1$b6756 959 $aBFS 996 $aIstruire non basta$9505749 997 $aUNINA DB $aING01 LEADER 01952nam0 2200469 i 450 001 VAN0102549 005 20220207122915.592 017 70$2N$a978-1-4471-6305-3 100 $a20150910d2014 |0itac50 ba 101 $aeng 102 $aGB 105 $a|||| ||||| 200 1 $aValue-oriented risk management of insurance companies$fMarcus Kriele, Jochen Wolf 210 $aLondon$cSpringer$d2014 215 $aXII, 378 p.$d24 cm 410 1$1001VAN0102538$12001 $aEAA series$1210 $aBerlin [etc.]$cSpringer 500 1$3VAN0239494$aWertorientiertes Risikomanagement von Versicherungsunternehmen$92983432 606 $a91B05$xRisk models (general) [MSC 2020]$3VANC019981$2MF 606 $a91B70$xStochastic models in economics [MSC 2020]$3VANC028992$2MF 610 $aCapital Allocation$9KW:K 610 $aEconomic Capital$9KW:K 610 $aEnterprise Risk Management$9KW:K 610 $aInsurance$9KW:K 610 $aQuantitative Methods in Risk Management$9KW:K 610 $aRegulatory Capital$9KW:K 610 $aRisk management$9KW:K 610 $aRisk measures$9KW:K 610 $aSolvency II$9KW:K 610 $aSwiss Solvency Test$9KW:K 610 $aValue Based Management$9KW:K 620 $aGB$dLondon$3VANL000015 700 1$aKriele$bMarcus$3VANV080097$062318 701 1$aWolf$bJochen$3VANV080098$0721762 712 $aSpringer $3VANV108073$4650 801 $aIT$bSOL$c20240614$gRICA 856 4 $uhttp://dx.doi.org/10.1007/978-1-4471-6305-3$zE-book ? Accesso al full-text attraverso riconoscimento IP di Ateneo, proxy e/o Shibboleth 899 $aBIBLIOTECA CENTRO DI SERVIZIO SBA$2VAN15 912 $fN 912 $aVAN0102549 950 $aBIBLIOTECA CENTRO DI SERVIZIO SBA$d15CONS SBA EBOOK 4341 $e15EB 4341 20191106 996 $aWertorientiertes Risikomanagement von Versicherungsunternehmen$92983432 997 $aUNICAMPANIA